Palček a obor švédske rozprávky

Bibliographic Details
Other Authors: Kaňa, Jaroslav, 1925-2004 (Compiler, Translator), Hložník, Vincent, 1919-1997 (Illustrator)
Format: Book
Language:Slovak
Swedish
PhysicalDescription:[2], 180, [6] s. 8°
Published: Bratislava Mladé letá 1969
Series:Z rozprávky do rozprávky
Subjects:

MARC

LEADER 00000cam a2200000 a 4500
001 vtls008328364
003 SK-MaSNL
005 20260301145308.0
008 190102s1969 xo b 000 j slo
015 |a SNBA1969/08-01746 
020 |q (viaz.) 
035 |a SK01SNK19690020581 
035 |a SKM000023044 
040 |a SNK  |b slo  |c SNK  |e AACR2 
041 1 |a slo  |h swe 
044 |a xo  |c SK 
080 |a 839.7-3(087.5)  |2 1981 
245 0 0 |a Palček a obor  |b švédske rozprávky  |c zo švédskych originálov vybral a preložil Jaroslav Kaňa ; ilustroval Vincent Hložník 
260 |a Bratislava  |b Mladé letá  |c 1969  |e Bratislava  |f Polygrafické závody 
300 |a [2], 180, [6] s.  |c 8° 
366 |e 20000 výtl. 
490 1 |a Z rozprávky do rozprávky 
650 0 7 |a švédske rozprávky  |2 SNKPH  |9 504883 
655 7 |a literatúra pre deti  |2 SNKPH  |9 87135 
700 1 |a Kaňa, Jaroslav,  |d 1925-2004  |4 com  |4 trl  |9 180720 
700 1 |a Hložník, Vincent,  |d 1919-1997  |4 ill  |9 107708 
830 0 |a Z rozprávky do rozprávky  |9 278500 
852 |a Slovenská národná knižnica 
958 |a OND 
958 |a RK 
958 |a DB 
958 |a LX 
958 |a SE 
999 |c 779739  |d 781669 
952 |a SNK  |b SNK  |y PREZ  |7 0  |o snkSC 25244  |0 0  |1 0  |4 0  |d 2025-10-31  |l 0  |r 2026-02-24 01:01:19  |w 2026-02-24 
952 |a SNK  |b SNK  |y PREZ  |7 0  |o snkSC 25244 D1  |0 0  |1 0  |4 0  |d 2025-10-31  |l 0  |r 2026-02-24 01:01:19  |w 2026-02-24